Mathematicians (Record no. 13584)
[ view plain ]
| 000 -LEADER | |
|---|---|
| fixed length control field | 01202nam a2200325Ia 4500 |
| 082 04 - DEWEY DECIMAL CLASSIFICATION NUMBER | |
| Classification number | 510.922 |
| 100 1# - MAIN ENTRY--AUTHOR NAME | |
| Personal name | Cook, Mariana. |
| 245 10 - TITLE STATEMENT | |
| Title | Mathematicians |
| 260 ## - PUBLICATION, DISTRIBUTION, ETC. (IMPRINT) | |
| Place of publication | Princeton, N.J. : |
| Name of publisher | Princeton University Press, |
| Year of publication | c2009. |
| 300 ## - PHYSICAL DESCRIPTION | |
| Number of Pages | 199 p. : |
| Other physical details | ports. |
| 650 #0 - SUBJECT ADDED ENTRY--TOPICAL TERM | |
| Topical Term | Mathematicians. |
| Topical Term | Mathematicians |
| 856 40 - ELECTRONIC LOCATION AND ACCESS | |
| Uniform Resource Identifier | http://site.ebrary.com/lib/rucke/Doc?id=10682500 |
No items available.
